Юридическая ответственность за нарушение требований экологического законодательства (Запись № 13678253)

Подробности
000 -МАРКЕР
контрольное поле 02337nam0a2200397 4500
001 - ИДЕНТИФИКАТОР ЗАПИСИ
контрольное поле RU\NLR\BIBL_A\022586103
005 - ИДЕНТИФИКАТОР ВЕРСИИ
контрольное поле 20260420050907.0
010 ## - МЕЖДУНАРОДНЫЙ СТАНДАРТНЫЙ НОМЕР КНИГИ (ISBN)
Номер (ISBN) 978-5-7899-1581-3
Тираж 50
021 ## - НОМЕР ГОСУДАРСТВЕННОЙ РЕГИСТРАЦИИ
Код страны Российская Федерация
Номер КН-П-25-029975
Номер Листа государственной регистраци КН-П-25-2959
021 ## - НОМЕР ГОСУДАРСТВЕННОЙ РЕГИСТРАЦИИ
Код страны Российская Федерация
Номер КН-П-25-029975
Номер Листа государственной регистраци КН-П-25-3169
035 ## - ДРУГИЕ СИСТЕМНЫЕ НОМЕРА
Идентификатор записи (NLR Aleph) 022586103
100 ## - ДАННЫЕ ОБЩЕЙ ОБРАБОТКИ
Данные общей обработки 20250716d2025 u y0rusy50 ca
101 0# - ЯЗЫК РЕСУРСА
Язык текста, звукозаписи и т.д. русский
102 ## - СТРАНА ПУБЛИКАЦИИ ИЛИ ПРОИЗВОДСТВА
Страна публикации Российская Федерация
105 ## - ПОЛЕ КОДИРОВАННЫХ ДАННЫХ: ТЕКСТОВЫЕ МАТЕРИАЛЫ, МОНОГРАФИЧЕСКИЕ
Кодированные данные о монографическом текстовом документе y j 000yy
135 ## - ПОЛЕ КОДИРОВАННЫХ ДАННЫХ: ЭЛЕКТРОННЫЕ РЕСУРСЫ
Кодированные данные для электронного ресурса aocgu||||||||
181 #0 - ПОЛЕ КОДИРОВАННЫХ ДАННЫХ: ВИД СОДЕРЖАНИЯ
Код вида содержания (ISBD) i4
Код характеристики содержания (ISBD) axxe
182 #0 - ПОЛЕ КОДИРОВАННЫХ ДАННЫХ: ТИП СРЕДСТВА
Код типа средства (ISBD) n - непосредственное
182 #0 - ПОЛЕ КОДИРОВАННЫХ ДАННЫХ: ТИП СРЕДСТВА
Код типа средства (ISBD) b - электронное
200 1# - ЗАГЛАВИЕ И СВЕДЕНИЯ ОБ ОТВЕТСТВЕННОСТИ
Основное заглавие Юридическая ответственность за нарушение требований экологического законодательства
Сведения, относящиеся к заглавию учебно-методическое пособие
-- курсантам и слушателям образовательных организаций системы МВД России
Первые сведения об ответственности Н. В. Котельников, С. Б. Цветков, П. М. Филиппов
Последующие сведения об ответственности Министерство внутренних дел Российской Федерации, Волгоградская академия
203 ## - ВИД СОДЕРЖАНИЯ И ТИП СРЕДСТВА
Вид содержания Текст
Дополнительные сведения об издании визуальный
Тип средства непосредственный
210 ## - ПУБЛИКАЦИЯ, РАСПРОСТРАНЕНИЕ И ДР.
Место издания, распространения и т.д. Волгоград
Имя издателя, распространителя и т. д. ВА МВД России
Дата издания, распространения и т.д. 2025
215 ## - ФИЗИЧЕСКАЯ ХАРАКТЕРИСТИКА
Специфическое обозначение материала и объем 78 с.
Размеры 21
Сопроводительный материал 1 электрон.-опт. диск (CD-ROM)
320 ## - ПРИМЕЧАНИЯ О НАЛИЧИИ В ДОКУМЕНТЕ БИБЛИОГРАФИИ / УКАЗАТЕЛЯ
Текст примечания Библиогр.: с. 77 (8 назв.), в подстроч. примеч. и в тексте
606 1# - НАИМЕНОВАНИЕ ТЕМЫ КАК ПРЕДМЕТ
Наименование темы Экологические правонарушения
Формальный подзаголовок Учебно-методические пособия
Тематический подзаголовок Юридическая ответственность
Географический подзаголовок Российская Федерация
Системный номер авторитетной/нормативной записи 2162553
Идентификатор авторитетной/нормативной записи RU\NLR\AUTH\661301358
686 1# - ИНДЕКСЫ ДРУГИХ КЛАССИФИКАЦИЙ
Индекс Х625.92я7
686 1# - ИНДЕКСЫ ДРУГИХ КЛАССИФИКАЦИЙ
Индекс Х628.111.624я7
700 #1 - ИМЯ ЛИЦА - ПЕРВИЧНАЯ ОТВЕТСТВЕННОСТЬ
Начальный элемент ввода Котельников
Часть имени, кроме начального элемента ввода Н. В.
Дополнения к именам, кроме дат канд. юрид. наук
Расширение инициалов личного имени Николай Васильевич
Системный номер авторитетной/нормативной записи 190088
Идентификатор авторитетной/нормативной записи RU\NLR\AUTH\770190139
701 #1 - ИМЯ ЛИЦА - АЛЬТЕРНАТИВНАЯ ОТВЕТСТВЕННОСТЬ
Графика поля Кириллица
Материалы, к которым относится поле rus
Начальный элемент ввода Цветков
Часть имени, кроме начального элемента ввода С. Б.
Дополнения к именам, кроме дат канд. юрид. наук
Расширение инициалов личного имени Сергей Борисович
Системный номер авторитетной/нормативной записи 125914
Идентификатор авторитетной/нормативной записи RU\NLR\AUTH\7716274
701 #1 - ИМЯ ЛИЦА - АЛЬТЕРНАТИВНАЯ ОТВЕТСТВЕННОСТЬ
Графика поля Кириллица
Материалы, к которым относится поле rus
Начальный элемент ввода Филиппов
Часть имени, кроме начального элемента ввода П. М.
Дополнения к именам, кроме дат д-р юрид. наук
Даты 1938-
Расширение инициалов личного имени Петр Мартынович
Системный номер авторитетной/нормативной записи 42733
Идентификатор авторитетной/нормативной записи RU\NLR\AUTH\7759802
942 ## - ДОПОЛНИТЕЛЬНЫЕ ЭЛЕМЕНТЫ ЗАПИСИ (АБИС)
Тип экземпляра АБИС Книга
980 ## - КОЛЛЕКЦИЯ
Название коллекции Национальная библиография

Нет доступных экземпляров.